Sports Quiz

Random Sports or NFL Quiz

Current NFL Quarterbacks Quiz Stats

 Plays Quiz not verified by Sporcle

Score 0/32 Timer 08:00
0 Plays Today
Team Quarterback % Correct
Denver BroncosPeyton Manning
90.1%
New York GiantsEli Manning
90.1%
New England PatriotsTom Brady
86.2%
Baltimore RavensJoe Flacco
83.6%
Carolina Panthers Cam Newton
83.6%
Dallas CowboysTony Romo
83.6%
Indianapolis ColtsAndrew Luck
82.3%
Atlanta FalconsMatt Ryan
80.6%
Green Bay PackersAaron Rodgers
80.6%
Seattle SeahawksRussell Wilson
79.3%
New York JetsGeno Smith
76.3%
New Orleans SaintsDrew Brees
75.9%
Arizona CardinalsCarson Palmer
69.8%
Pittsburgh SteelersBen Roethlisberger
69.8%
San Francisco 49ersColin Kaepernick
65.9%
Cincinnati BengalsAndy Dalton
65.5%
Team Quarterback % Correct
Detroit LionsMathew Stafford
63.4%
Kansas City ChiefsAlex Smith
63.4%
San Diego ChargersPhilip Rivers
62.5%
Philadelphia EaglesMichael Vick
60.3%
Miami DolphinsRyan Tannehill
59.5%
Buffalo BillsEJ Manuel
59.1%
St Louis RamsSam Bradford
56.5%
Chicago BearsJosh McCown
56%
Houston TexansMatt Schaub
55.6%
Washington RedskinsKirk Cousins
53.9%
Minnesota VikingsChristian Ponder
53%
Tennessee TitansRyan Fitzpatrick
48.3%
Tampa Bay BuccaneersMike Glennon
46.1%
Oakland RaidersTarrelle Pryor
43.5%
Cleveland BrownsBrandon Weeden
40.1%
Jacksonville JaguarsChad Henne
37.9%

You're not logged in!

Compare scores with friends on all Sporcle quizzes.
OR
Log In

Show Comments

Extras

Created Jan 24, 2013ReportNominate
Tags:NFL Quiz, 2013

Top Quizzes Today


Score Distribution

Your Account Isn't Verified!

In order to create a playlist on Sporcle, you need to verify the email address you used during registration. Go to your Sporcle Settings to finish the process.

Report this User

Report this user for behavior that violates our Community Guidelines.

Details: